| 000 | 00485nam a22001697a 4500 | ||
|---|---|---|---|
| 003 | OSt | ||
| 005 | 20251124165858.0 | ||
| 008 | 251124b |||||||| |||| 00| 0 eng d | ||
| 040 |
_aKABLIB _beng _cKABLIB |
||
| 082 |
_223 _a372.6 _bBUG |
||
| 100 |
_aBugembe J B B _eauthor _914716 |
||
| 245 |
_aOxford Primary English 1 _c J B B Bugembe and D H Howe |
||
| 260 |
_aOxford : _bOxford University Press, _cc1988 |
||
| 300 |
_a30p.: _bill.; _c21cm. |
||
| 700 |
_aHowe D H _914722 |
||
| 942 |
_2ddc _cBOOK |
||
| 999 |
_c5834 _d5834 |
||